Introducción a la antropología

Gespeichert in:
Bibliographische Detailangaben
1. Verfasser: Orellana Rodríguez, Mario (autor)
Format: Buch
Sprache:Spanisch
Veröffentlicht: Santiago Universidad Internacional SEK 2001
Santiago CPU 2001
Ausgabe:2a. ed
Schlagworte:
Tags: Tag hinzufügen
Keine Tags, Fügen Sie den ersten Tag hinzu!

MARC

LEADER 00000nam a2200000 a 4500
001 UCL2857
003 CL-VaPUC
008 031107e20010000cl |||||||||||||||||spa|d
020 |a 9567137412 
082 0 4 |a 301  |b ORE  |2 21 
100 |a Orellana Rodríguez, Mario  |e autor  |9 559744 
245 1 0 |a Introducción a la antropología 
250 |a 2a. ed 
300 |a 133 p 
942 |c BK 
945 |d 20031107 00:00:00  |a cmena 
260 |a Santiago  |b Universidad Internacional SEK  |c 2001 
260 |a Santiago  |b CPU  |c 2001 
650 0 |a Antropología   |9 233030 
650 0 |a Ciencias sociales  |v Investigación  |9 307767 
583 |a last modification  |c 20171220 04:06:03  |k Rodrigo Vera 
999 |c 306032  |d 306030 
952 |0 0  |1 0  |4 0  |6 301_000000000000000_ORE_2001_2001  |7 0  |8 A  |9 370706  |a BIBHIS  |b BIBHIS  |d 2019-11-21  |i 3951480  |o 301 ORE 2001 2001  |p 3951480  |r 2025-01-20  |w 2019-11-21  |y BK  |k HIS